Biblioteca "Ernesto Sabato"
Facultad de Derecho y Ciencias Sociales
Facultad de Lenguas
Universidad Nacional del Comahue

Los fragmentos del poder (Record no. 32265)

MARC details
000 -CABECERA
campo de control de longitud fija 00627nam a22002177a 4500
003 - IDENTIFICADOR DEL NÚMERO DE CONTROL
campo de control OSt
005 - FECHA Y HORA DE LA ÚLTIMA TRANSACCIÓN
campo de control 20180530134921.0
008 - DATOS DE LONGITUD FIJA--INFORMACIÓN GENERAL
campo de control de longitud fija 180530b xxu||||| |||| 00| 0 spa d
040 ## - FUENTE DE LA CATALOGACIÓN
Centro/agencia transcriptor Biblioteca Ernesto Sábato
092 ## - SIGNATURA TOPOGRÁFICA
Número de clasificación 982.74
Libristica D615
Sector BDT
100 ## - Autor Personal
Nombre de persona Di Tella, Torcuato S.
245 ## - MENCIÓN DE TÍTULO
Título Los fragmentos del poder
Resto del título de la oligarquía a la poliarquía argentina
260 ## - PUBLICACIÓN, DISTRIBUCIÓN, ETC. (PIE DE IMPRENTA)
Lugar de publicación, distribución, etc. Buenos Aires
Nombre del editor, distribuidor, etc. Jorge Alvarez
Fecha de publicación, distribución, etc. 1969
300 ## - DESCRIPCIÓN FÍSICA
Paginas 535 p
440 ## - MENCIÓN DE SERIE/PUNTO DE ACCESO ADICIONAL--TÍTULO
Título Los argentinos;
Número de parte o sección de la obra 9
650 ## - Descriptores Tematicos
Término de materia o nombre geográfico como elemento inicial OLIGARQUÍA
650 ## - Descriptores Tematicos
Término de materia o nombre geográfico como elemento inicial HISTORIA LATINOAMERICANA
650 ## - Descriptores Tematicos
Término de materia o nombre geográfico como elemento inicial GRUPOS DE PODER
700 ## - Coautores y traductores
Nombre de persona Tulio Halperin Donghi
942 ## - ELEMENTOS DE PUNTO DE ACCESO ADICIONAL (KOHA)
Fuente del sistema de clasificación o colocación Dewey Decimal Classification
Tipo de ítem Koha BDT
Holdings
Estado de retiro Estado de pérdida Fuente del sistema de clasificación o colocación Estado dañado No para préstamo Localización permanente Ubicación/localización actual Fecha de adquisición Número de inventario Total de préstamos Signatura topográfica completa Código de barras Fecha visto por última vez Precio válido a partir de Tipo de ítem Koha
    Dewey Decimal Classification     Biblioteca Ernesto Sabato - FADECS - UNCOMA Biblioteca Ernesto Sabato - FADECS - UNCOMA 30/05/2018 23001   982.74 D615 23001 30/05/2018 30/05/2018 BDT
Facultad de Derecho y Ciencias Sociales | Universidad Nacional del Comahue | Mendoza y Perú General Roca | Río Negro CP (8332) | Patagonia Argentina | Teléfono: 54-0298-4433670 | | Fax: 0298-4432093 | Fax alumnos: 0298-4435700